Truques de mágica (Record no. 47234)

MARC details
000 -LÍDER
campo de controle de tamanho fixo 00362 a2200157 4500
001 - NÚMERO DE CONTROLE
campo de controle 47234
020 ## - ISBN - INTERNATIONAL STANDARD BOOK NUMBER
ISBN - International Standard Book Number 9788538046486 (broch.)
040 ## - FONTE DA CATALOGAÇÃO
Instituição que transcreveu o registro Anchieta - Aquarius
100 ## - ENTRADA PRINCIPAL--NOME PESSOAL
Nome pessoal Silva, Júlio César
240 10 - TÍTULO UNIFORME
Título uniforme Truques de mágica
Idioma da obra
245 10 - TÍTULO
Título Truques de mágica
300 ## - DESCRIÇÃO FÍSICA
Extensão 64p.
362 0# - DATAS DE PUBLICAÇÃO E/OU DESIGNAÇÃO SEQUENCIAL
Datas de publicação e/ou designação sequencial 2014
650 #4 - ASSUNTO--TERMO TÓPICO
Cabeçalho tópico ou nome geográfico Literatura infanto-juvenil
942 ## - ELEMENTOS DE ENTRADA ADICIONADOS (KOHA)
Tipo de material Koha Livros
Holdings
Situação do descarte Situação das perdas Situação física Não pode ser emprestado Biblioteca de origem Biblioteca atual Data de aquisição Total de empréstimos Número de chamada completo Código de barras Data de último acesso Data do preço efetivo Tipo de material Koha Data do último empréstimo
        Colégio Anchieta - Aquarius Colégio Anchieta - Aquarius 21/11/2023   028.5 SIL TRU 5752/AQU 21/11/2023 21/11/2023 Livros  
        Colégio Anchieta - Aquarius Inspira 21/11/2023 2 028.5 SIL TRU 6782/AQU 21/11/2023 21/11/2023 Livros 21/11/2023